000 01192nam a22003497a 4500
003 CHAP
005 20220329134555.0
008 971013s1991 r 00010 d
010 _a22401
011 _a23373
035 _a27469
040 _cCHAP
082 _a333
_bC38
100 0 0 _aCastellanos Guerrero, Alicia.
_920001
245 _aPrimo Tapia de la Cruz, un hijo del pueblo
260 _aMéxico, D.F. :
_bCentro de Estudios Históricos del Agrarismo en México,
_c1991
300 _a69 p.
_b: ilus.
490 _aPrecursores del agrarismo, 3
590 _aBATCH-UPD
_b10
_c20130110
_lUCH01
_h1938
590 _aBATCH-UPD
_b10
_c20130410
_lUCH01
_h1301
590 _aBATCH-UPD
_b10
_c20130914
_lUCH01
_h1827
590 _aCONVERSION
_b10
_c20130109
_lUCH01
_h1313
650 1 4 _aMéxico
_xHistoria
_xRevolución.
_976768
650 1 4 _aReforma agraria
_xHistoria.
_995552
650 1 4 _aReforma agraria
_xMichoacán.
_995571
650 1 4 _aTierras
_xTenencia
_xMichoacán.
_9113180
700 0 _aLópez y Rivas, Gilberto.
_968432
830 0 _aPrecursores del agrarismo, 3
_991369
901 _aBK
942 _cLIBRO
949 _a333 C38
_bBC
_cLIBRO
_d33724000339479
_eLIBRO
_h87553
_i27469
_si
999 _c22401
_d22401